[Event "Bundesliga 9293"]
[Site "Germany"]
[Date "1993.??.??"]
[Round "?"]
[White "Schmittdiel, Eckhard"]
[Black "Luther, Thomas"]
[Result "1/2-1/2"]
[WhiteElo "2480"]
[BlackElo "2435"]

1.e4 c5 2.Nf3 e6 3.d4 cxd4 4.Nxd4 Nc6 5.Nc3 a6 6.g3 Qc7 7.Bg2 Nf6 8.O-O Nxd4
9.Qxd4 Bc5 10.Qd3 Ng4 11.Na4 Ba7 12.Bf4 Ne5 13.c4 d6 14.Qd1 Nxc4 15.Rc1 e5
16.Bd2 O-O 17.b3 b5 18.Bb4 a5 19.Ba3 bxa4 20.bxc4 Bc5 21.Bxc5 dxc5 22.Qxa4 Be6
23.f4 f6 24.Rcd1 Rad8 25.fxe5 fxe5 26.Qb5 Rxf1+ 27.Rxf1 Rb8 28.Qa4 h6 29.a3 Kh7
30.h4 Qd7 31.Qxd7 Bxd7 32.Rf7 Be6 33.Ra7 Rb1+ 34.Kh2 Bxc4 35.Rxa5 Rb2 36.Kg1 Rb1+
37.Kh2 Rb2 38.Kg1 Rb1+ 39.Kh2  1/2-1/2

[Event "Bundesliga 9293"]
[Site "Germany"]
[Date "1993.??.??"]
[Round "?"]
[White "Tischbierek, Raj"]
[Black "Jasnikowski, Zbigniew"]
[Result "1/2-1/2"]
[WhiteElo "2495"]
[BlackElo "2455"]

1.e4 c5 2.Nf3 e6 3.d4 cxd4 4.Nxd4 Nc6 5.Nc3 d6 6.Be3 Nf6 7.Bd3 Be7 8.O-O O-O
9.f4 e5 10.fxe5 Ng4 11.Nxc6 bxc6 12.Qe2 Nxe5 13.Kh1 Be6 14.Bd4 Bf6 15.Qd2 c5
16.Be3 Rb8 17.Rab1 Ng4 18.Bf4 Be5 19.Bxe5 Nxe5 20.b3 Qa5 21.Rbd1 Rfd8 22.Be2 Rb4  1/2-1/2

[Event "Hessen-NRW"]
[Site "Germany"]
[Date "1993.??.??"]
[Round "?"]
[White "Schaefer, Markus"]
[Black "Kersten, Uwe"]
[Result "1-0"]
[WhiteElo "2430"]
[BlackElo "2300"]

1.e4 c5 2.Nf3 e6 3.d4 cxd4 4.Nxd4 Nc6 5.Nc3 a6 6.Be3 Qc7 7.Bd3 b5 8.O-O Bb7
9.Qe2 Nf6 10.Kh1 b4 11.Na4 d5 12.f3 dxe4 13.fxe4 Bd6 14.Nf3 Nd7 15.Qf2 O-O
16.e5 Be7 17.Nb6 Nxb6 18.Bxb6 Qb8 19.Rae1 a5 20.Bc5 Ba6 21.Bxh7+ Kxh7 22.Bxe7 Nxe7
23.Qh4+ Kg8 24.Ng5  1-0

[Event "Hessen-NRW"]
[Site "Germany"]
[Date "1993.??.??"]
[Round "?"]
[White "Koeller, Oliver"]
[Black "Doering, Thomas"]
[Result "1/2-1/2"]
[WhiteElo "2340"]
[BlackElo "2245"]

1.e4 c5 2.Nf3 e6 3.d4 cxd4 4.Nxd4 Nc6 5.Nc3 Qc7 6.Be2 a6 7.O-O Nf6 8.Be3 Bb4
9.Nxc6 bxc6 10.Qd4 Bd6 11.f4 e5 12.Qd2 Rb8 13.Rab1 O-O 14.Kh1 a5 15.a3 Re8
16.f5 Be7 17.Bf3 Bb7 18.Rfd1 d5 19.exd5 cxd5 20.Nxd5 Bxd5 21.Bxd5 Nxd5 22.Qxd5 Qxc2
23.Qd2 Qxd2 24.Bxd2 a4 25.Bc3 Bc5 26.Rd5 Bxa3 27.Rxe5 Rxe5  1/2-1/2

[Event "Hessen-Baden"]
[Site "Germany"]
[Date "1993.??.??"]
[Round "?"]
[White "Schmidt Schaeffer, Sebastian"]
[Black "Kersten, Uwe"]
[Result "0-1"]
[WhiteElo "2275"]
[BlackElo "2300"]

1.e4 c5 2.Nf3 e6 3.d4 cxd4 4.Nxd4 Nc6 5.Nc3 a6 6.Be2 Qc7 7.O-O Nf6 8.Re1 Be7
9.Kh1 O-O 10.Bg5 d6 11.f4 Rd8 12.Bf3 Ne5 13.Bxf6 Bxf6 14.fxe5 dxe5 15.Nxe6 fxe6
16.Qe2 b5 17.a3 Bd7 18.Nd1 Bc6 19.Nf2 Bh4 20.Red1 Rf8 21.Nd3 Rf6 22.Qe3 Rh6
23.Kg1 Bd8 24.Kh1 Rc8 25.c3 Qb8 26.h3 Rg6 27.Nb4 Bb7 28.a4 a5 29.Nd3 Bc6
30.axb5 Bxb5 31.Bh5 Bb6 32.Qe1 Rh6 33.Bg4 Rd8 34.Qg3 Rg6 35.Qf3 Rf6 36.Qe2  0-1

[Event "Oberliga Nord N9293"]
[Site "Germany"]
[Date "1993.??.??"]
[Round "?"]
[White "Moehrmann, Marcus"]
[Black "Tatenhorst, Volker"]
[Result "0-1"]
[WhiteElo "2235"]
[BlackElo "2250"]

1.e4 c5 2.Nf3 Nc6 3.d4 cxd4 4.Nxd4 e6 5.Nc3 a6 6.Be2 Qc7 7.O-O Nf6 8.Be3 Bb4
9.Nxc6 bxc6 10.Na4 O-O 11.Qd4 Bd6 12.f4 e5 13.Qc4 exf4 14.Bb6 Qb8 15.Bf3 a5
16.Rfe1 Ba6 17.Qd4 Be5 18.Qf2 d6 19.Bd4 Qb4 20.Bxe5 dxe5 21.b3 Rad8 22.Nc5 Bc8
23.Rad1 Qc3 24.Na4 Qb4 25.c3 Qb8 26.Qc5 Bg4 27.Qxa5 Bxf3 28.gxf3 Qc8 29.Qxe5 Qa6
30.c4 Qa7+ 31.c5 Qa6 32.Qxf4 Rxd1 33.Rxd1 Qe2 34.Nc3 Qa6 35.Qd2 Qa5 36.Qd4 Nd7
37.b4 Qa3 38.Kg2 Nf6 39.Rd2 h6 40.b5 cxb5 41.Nxb5 Qc1 42.Qc3 Qe1 43.Nd4 Rd8
44.Nb3 Re8 45.Rc2 Qh4 46.Nd4 Qg5+ 47.Kh1 Rb8 48.Rc1 Qh4 49.c6 Qf2 50.c7 Rc8
51.Nb5 Nh5 52.Qd3 Kh7 53.Qf1 Qh4 54.Qg2 Qf4 55.Rg1 Qe5 56.a4 Qf6 57.Qg4 g6
58.e5 Qc6 59.e6 Nf6 60.Qf4 Qxe6 61.Rc1 Nh5 62.Qc4 Qf5 63.Qg4 Qd5 64.Qe4 Qg5
65.Rg1 Qf6 66.f4 Qh4 67.Qc4 Qe7 68.Rf1 Qd7 69.a5 Ng3+ 70.Kg2 Nxf1 71.Kxf1 Re8
72.Nd6 Qh3+ 73.Kg1 Re1+ 74.Kf2 Qe3+  0-1

[Event "Gladsaxe"]
[Site "Gladsaxe"]
[Date "1993.??.??"]
[Round "2"]
[White "Nilsson, Nils Specht"]
[Black "Petersen, Peter Birk"]
[Result "1-0"]
[WhiteElo "2245"]
[BlackElo "2210"]

1.e4 c5 2.Nf3 e6 3.Nc3 Nc6 4.d4 cxd4 5.Nxd4 Qc7 6.g3 a6 7.Bg2 d6 8.O-O Bd7
9.g4 Nxd4 10.Qxd4 Ne7 11.Be3 Nc6 12.Qc4 Rc8 13.f4 Be7 14.a4 Qb8 15.Qd3 Qc7
16.Rf3 O-O 17.Rh3 Nb4 18.Qe2 d5 19.g5 Bc5 20.e5 Bxe3+ 21.Qxe3 Qc5 22.Qxc5 Rxc5
23.Rc1 Bc6 24.Bf1 d4 25.Ne2 Rxc2 26.Rxc2 Nxc2 27.Nc1 Bxa4 28.Bd3 g6 29.b3 Bb5
30.Bxb5 axb5 31.Ne2 Ra8 32.Rd3 Ra2 33.Nxd4 Nb4 34.Rc3 Nd5 35.Rc8+ Kg7 36.Nxb5 Nxf4
37.Nd6 Nh3+ 38.Kf1 Nxg5 39.Rc7 Ra5 40.h4 Nf3 41.Rxf7+ Kh6 42.Rxf3  1-0

[Event "Gladsaxe"]
[Site "Gladsaxe"]
[Date "1993.??.??"]
[Round "7"]
[White "Bjerring, Kai"]
[Black "Petersen, Peter Birk"]
[Result "1/2-1/2"]
[WhiteElo "2360"]
[BlackElo "2210"]

1.e4 c5 2.Nf3 e6 3.d4 cxd4 4.Nxd4 Nc6 5.Nc3 Qc7 6.f4 a6 7.Be3 d6 8.Qf3 Nf6
9.O-O-O Bd7 10.Bd3 O-O-O 11.Nb3 Nb4 12.a3 Nxd3+ 13.Rxd3 Kb8 14.Rhd1 Rc8 15.R1d2 Bc6
16.Nd4 Nd7 17.Nce2 Nc5 18.Nxc6+ Qxc6 19.Rc3 Qe8 20.Bxc5 dxc5 21.Rcd3 Be7
22.f5 Bd8 23.Rd7 Bc7 24.Nc3 Be5 25.g3 Bd4 26.fxe6 fxe6 27.Rf7 Rf8 28.Rxf8 Qxf8
29.Qxf8 Rxf8 30.Rg2 Kc7 31.Nd1 c4 32.Kd2 b5 33.c3 Bc5 34.Ke1 h5 35.Rd2 h4
36.Rg2 g5 37.Nf2 hxg3 38.hxg3 Rh8 39.Ke2 Bxf2 40.Rxf2 Kd6 41.Kf3 Rf8+ 42.Ke3 Rxf2
43.Kxf2 g4  1/2-1/2

[Event "Gladsaxe"]
[Site "Gladsaxe"]
[Date "1993.??.??"]
[Round "8"]
[White "Petersen, Peter Birk"]
[Black "Steenstrup, Per"]
[Result "1-0"]
[WhiteElo "2210"]
[BlackElo "1935"]

1.e4 c5 2.Nf3 e6 3.Nc3 Nc6 4.d4 cxd4 5.Nxd4 Nge7 6.Ndb5 d5 7.exd5 exd5 8.Bf4 Qb6
9.Nc7+ Kd8 10.N3xd5 Qxb2 11.Nxa8 Nd4 12.Nxe7 Qc3+ 13.Bd2 Nxc2+ 14.Qxc2 Qxc2
15.Nxc8 Bb4 16.Bxb4 Re8+ 17.Ne7 Qe4+ 18.Be2 Qxb4+ 19.Kf1 Rxe7 20.h3 Kc8 21.Rd1 Rd7
22.Bg4 Qxg4 23.Rc1+  1-0

[Event "Graz zt"]
[Site "Graz"]
[Date "1993.??.??"]
[Round "9"]
[White "Lau, Ralf"]
[Black "Schlosser, Philipp"]
[Result "1-0"]
[WhiteElo "2530"]
[BlackElo "2520"]

1.e4 c5 2.Nf3 e6 3.d4 cxd4 4.Nxd4 Nc6 5.Nc3 Qc7 6.Be3 a6 7.Bd3 Nf6 8.O-O Ne5
9.h3 Bc5 10.Kh1 d6 11.f4 Ned7 12.a4 b6 13.Qf3 Bb7 14.Rae1 h5 15.Qf2 Rc8 16.Nf3 Qb8
17.Qh4 Bxe3 18.Rxe3 Rc5 19.e5 Nd5 20.Nxd5 Bxd5 21.b4 Rc3 22.exd6 Qxd6 23.f5 e5
24.Nxe5 Nxe5 25.Rxe5+ Qxe5 26.Re1  1-0

[Event "GRE-ch"]
[Site "GRE"]
[Date "1993.??.??"]
[Round "1"]
[White "Kotronias, Vasilios"]
[Black "Bousios, Hristos"]
[Result "1-0"]
[WhiteElo "2590"]
[BlackElo "2285"]

1.e4 c5 2.Nf3 e6 3.d4 cxd4 4.Nxd4 Nc6 5.Nc3 Bb4 6.Nb5 Nf6 7.a3 Bxc3+ 8.Nxc3 d5
9.exd5 exd5 10.Bd3 O-O 11.O-O d4 12.Ne2 Ng4 13.Bf4 Re8 14.Qd2 Nge5 15.Bxe5 Rxe5
16.Ng3 Re8 17.Qf4 Be6 18.Rad1 Rc8 19.Rfe1 Qc7 20.Qh4 h6 21.Qe4 g6 22.Qh4 Kg7
23.Ne4 Qd8 24.Qg3 Bf5 25.Nd6 Rxe1+ 26.Rxe1 Bxd3 27.cxd3 Rb8 28.b4 a6 29.Re8 Qd7
30.Rxb8 Nxb8 31.Qe5+ Kg8 32.Ne4 Qc8 33.Nf6+ Kf8 34.Qxb8 Qxb8 35.Nd7+ Ke7
36.Nxb8 Kd6 37.Kf1 Kc7 38.Nxa6+ bxa6 39.Ke2 Kc6 40.a4 Kd5 41.Kd2 f5 42.Kc2 g5
43.Kb3 h5 44.a5 f4 45.f3 g4 46.h4 gxh3 47.gxh3 h4 48.b5 axb5 49.Kb4 Kc6 50.a6 Kb6
51.a7 Kxa7 52.Kxb5  1-0

[Event "GRE-ch"]
[Site "GRE"]
[Date "1993.??.??"]
[Round "8"]
[White "Vouldis, Angelos"]
[Black "Bousios, Hristos"]
[Result "0-1"]
[WhiteElo "2285"]
[BlackElo "2285"]

1.e4 c5 2.Nf3 e6 3.Nc3 Nc6 4.d4 cxd4 5.Nxd4 Nf6 6.Ndb5 d6 7.Bf4 e5 8.Bg5 a6
9.Na3 b5 10.Nd5 Be7 11.Nxe7 Qxe7 12.c4 h6 13.Bxf6 Qxf6 14.Qd5 Bb7 15.cxb5 Nd8
16.Qd2 Bxe4 17.Qe3 Bb7 18.bxa6 Bxa6 19.Bxa6 Rxa6 20.Qd3 Rc6 21.O-O O-O 22.Nc4 Ne6
23.Ne3 Nf4 24.Qd2 d5 25.Nxd5 Nxd5 26.Qxd5 Rd8 27.Qf3 Qxf3 28.gxf3 Rg6+ 29.Kh1 Rb6
30.Rfb1 Rd2 31.b4 Rxf2 32.Kg1 Rd2 33.b5 Rg6+ 34.Kf1 Rgg2 35.b6 Rxh2 36.Kg1 Rdg2+
37.Kf1 Rxa2 38.Rxa2 Rh1+ 39.Ke2 Rxb1 40.Ra6 h5 41.Kd3 h4 42.Ke4 h3 43.Ra2 f6
44.Rh2 Rxb6 45.Rxh3 Rb4+ 46.Kd5 Kf7 47.Rg3 Rd4+  0-1

[Event "Groningen PCA"]
[Site "Groningen"]
[Date "1993.??.??"]
[Round "1"]
[White "Wolff, Patrick G"]
[Black "Benjamin, Joel"]
[Result "0-1"]
[WhiteElo "2585"]
[BlackElo "2620"]

1.e4 c5 2.Nf3 Nc6 3.d4 cxd4 4.Nxd4 e6 5.Nc3 a6 6.Nxc6 bxc6 7.Bd3 d5 8.O-O Nf6
9.Qe2 Be7 10.b3 O-O 11.Na4 c5 12.e5 Nd7 13.c4 Bb7 14.cxd5 exd5 15.Bf4 Nb6
16.Nc3 c4 17.bxc4 dxc4 18.Bc2 Qd4 19.Ne4 Nd5 20.Bg3 Nb4 21.Rad1 Nd3 22.Nd2 Nb2
23.Rb1 c3 24.Nc4 Bxg2 25.Kxg2 Nxc4 26.Bb3 Nd2 27.Rfd1 Rad8 28.Rbc1 Qb4 29.Bc2 Qb7+
30.f3 Ba3  0-1

[Event "Groningen op"]
[Site "Groningen"]
[Date "1993.??.??"]
[Round "3"]
[White "Lamoureux, Charles"]
[Black "Brodsky, Michail"]
[Result "1/2-1/2"]
[WhiteElo "2380"]
[BlackElo "2515"]

1.e4 c5 2.Nf3 e6 3.d4 cxd4 4.Nxd4 Nc6 5.Nc3 Qc7 6.Be2 Nf6 7.Be3 Be7 8.f4 d6
9.O-O O-O 10.Qe1 Nxd4 11.Bxd4 e5 12.Be3 exf4 13.Bxf4 Be6 14.Qg3 Kh8 15.e5 Ne8
16.Rad1 dxe5 17.Bxe5 Qb6+ 18.Kh1 Rd8 19.Rxd8 Bxd8 20.Bd3 Be7 21.Ne2 Bc8 22.Nf4 Qh6
23.Nd5 Bd6 24.c4 Bxe5 25.Qxe5 Be6 26.Nf4 Bc8 27.Nd5 Be6 28.Nf4 Bc8 29.Nd5  1/2-1/2

[Event "Groningen op"]
[Site "Groningen"]
[Date "1993.??.??"]
[Round "4"]
[White "Berelovich, Aleksandar"]
[Black "Loeffler, Stefan"]
[Result "1-0"]
[WhiteElo "2510"]
[BlackElo "2460"]

1.e4 c5 2.Nf3 e6 3.d4 cxd4 4.Nxd4 Nc6 5.Nc3 Qc7 6.f4 a6 7.Be2 Bc5 8.Be3 Nxd4
9.Bxd4 Ne7 10.O-O O-O 11.Kh1 d6 12.Bxc5 Qxc5 13.Qd3 b5 14.Rad1 Rd8 15.e5 Bb7
16.Bf3 Bxf3 17.Rxf3 d5 18.a4 Rdc8 19.axb5 axb5 20.Nxb5 Qxc2 21.Nd6 Qxd3 22.Rfxd3 Rcb8
23.Ra3 Rxa3 24.bxa3 g5 25.g3 Ng6 26.a4 gxf4 27.gxf4 Rb2 28.Rg1 Kf8 29.Rg2 Rxg2
30.Kxg2 Nxf4+ 31.Kf3 Nd3 32.a5 Nb4 33.Kg4 Ke7 34.Kg5 d4 35.Ne4 d3 36.Kh6 Nc6
37.a6 Kd8 38.Kxh7 Kc7 39.Kg7 Nxe5 40.Kf6 Nc4 41.a7 Kb7 42.Nc5+ Kxa7 43.Nxd3 Kb6
44.h4 Nd6 45.h5 Nf5 46.Ne5 Kc5 47.Nxf7 Kd5 48.Kg6 Ne7+ 49.Kf6 Ng8+ 50.Kg7 Ne7
51.Nh6 Ke5 52.Nf7+ Kd5 53.Nh8 Nf5+ 54.Kf6 Kd6 55.Ng6 Ne3 56.Kg5 Nf5 57.Kf6 Ne3
58.Nf4 Ng4+ 59.Kg5 Ne5 60.Kf6 Ng4+ 61.Kg5 Ne5 62.Ng6 Nf7+ 63.Kf6 Nh6 64.Nh4 Ng4+
65.Kg5 Ne5 66.Ng6 Nf7+ 67.Kf6 Nh6 68.Ne5 Nf5 69.Ng4 Kd5 70.Kg5 Kd6 71.Kf6 Kd5
72.Kg6 Ke4 73.Kg5 Nd6 74.Nf6+ Kf3 75.Ne8 Nf7+ 76.Kg6 Ne5+ 77.Kg7 Ng4 78.Nf6 Ne3
79.Kg6 Nf5 80.Nd5 Nh4+ 81.Kg5 Nf5 82.Ne7 Nd6 83.Kg6 Nc4 84.h6  1-0

[Event "Groningen op"]
[Site "Groningen"]
[Date "1993.??.??"]
[Round "7"]
[White "Sutovskij, Emil"]
[Black "Brodsky, Michail"]
[Result "1/2-1/2"]
[WhiteElo "2410"]
[BlackElo "2515"]

1.e4 c5 2.Nf3 e6 3.d4 cxd4 4.Nxd4 Nc6 5.Nc3 Qc7 6.g3 a6 7.Bg2 d6 8.O-O Bd7
9.Nxc6 Bxc6 10.Re1 Be7 11.Bf4 Nf6 12.e5 dxe5 13.Bxe5 Qc8 14.Ne4 Nxe4 15.Bxe4 Bxe4
16.Rxe4 f6 17.Bd6 Bxd6 18.Qxd6 Kf7 19.Rae1 Re8 20.R1e3 Qxc2 21.Rxe6 Rad8
22.Re7+ Kg6 23.Qb4 Rd1+ 24.Kg2 Qc6+ 25.Kh3 Rxe7 26.Rxe7 Qc8+ 27.Kg2 Qc6+  1/2-1/2

[Event "Groningen op"]
[Site "Groningen"]
[Date "1993.??.??"]
[Round "8"]
[White "Golubev, Mihail"]
[Black "Sutovskij, Emil"]
[Result "1-0"]
[WhiteElo "2500"]
[BlackElo "2410"]

1.e4 c5 2.Nf3 Nc6 3.Nc3 e6 4.d4 cxd4 5.Nxd4 Nf6 6.Nxc6 bxc6 7.e5 Nd5 8.Nxd5 cxd5
9.Bd3 Ba6 10.O-O Bxd3 11.Qxd3 d6 12.Bf4 Be7 13.Qg3 dxe5 14.Bxe5 Bf6 15.Bd6 Rc8
16.Rad1 Rc6 17.Ba3 Qc7 18.Qb3 Rb6 19.Qa4+ Qd7 20.Qg4 h5 21.Qf3 Qc6 22.c3 Be7
23.Bxe7 Kxe7 24.b3 Rc8 25.Rd3 g6 26.Re1 Kf8 27.Qf6 Qd7 28.Rg3 Qd8 29.Qf4 Kg7
30.Rf3 Rb7 31.Qd4+ Kg8 32.Rg3 Rbc7 33.h4 Rc6 34.Ree3 Qb6 35.Qe5 Kh7 36.Rg5 Qc7
37.Qf6 e5 38.Qxe5 Rxc3 39.Rxc3 Qxc3 40.Qxc3 Rxc3 41.Rxd5 Rc1+ 42.Kh2 Rc7
43.Ra5 Kg7 44.Ra6 Rd7 45.a3 Rc7 46.b4 Rd7 47.b5 Rd5 48.a4 Rd7 49.Kg3 Kf8
50.Kf4 Re7 51.Rc6 Kg7 52.Rc2 Kf6 53.a5 Rd7 54.Rb2 Ke6 55.b6 axb6 56.axb6 Rb7
57.Ke4 Kd6 58.Kd4 f6 59.Kc4 Kc6 60.f4 Kd6 61.g3 Kc6 62.Rb3 Kd6 63.Kb5 Rb8
64.Rd3+ Ke6 65.Ka6 Ra8+ 66.Kb7 Ra1 67.Kc7 Rc1+ 68.Kb8 Ra1 69.b7 Ra2 70.Rd4 Kf5
71.Rc4 Kg4 72.Kc7 Ra7 73.Rc3  1-0

[Event "Groningen PCA"]
[Site "Groningen"]
[Date "1993.??.??"]
[Round "9"]
[White "Topalov, Veselin"]
[Black "Benjamin, Joel"]
[Result "1/2-1/2"]
[WhiteElo "2650"]
[BlackElo "2620"]

1.e4 c5 2.Nf3 e6 3.d4 cxd4 4.Nxd4 Nc6 5.Nc3 a6 6.Be3 Qc7 7.Bd3 b5 8.O-O Bb7
9.Kh1 Nf6 10.Qe2 Bb4 11.a4 Bxc3 12.bxc3 Nxd4 13.cxd4 Nxe4 14.axb5 axb5 15.Rxa8+ Bxa8
16.Bxb5 O-O 17.Bd3 Nc3 18.Qd2 Be4 19.Bxe4 Nxe4 20.Qd3 d5 21.Rc1 Qb7 22.c4 dxc4
23.Qxc4 Ra8 24.h3 h6 25.Qc6 Qxc6 26.Rxc6 Ra1+ 27.Kh2 Rd1 28.g4 Kh7 29.Rc7 Kg6
30.h4 Nf6 31.h5+ Kh7 32.Kh3 Kg8 33.Rc8+ Kh7 34.Rc7 Rg1 35.f3 Rd1 36.Bf2 Kg8
37.Rc8+ Kh7 38.Rf8 Rd2 39.Kg3 Rd3 40.Kg2 Nd5 41.Rxf7 Kg8 42.Ra7 Nf4+ 43.Kg3 Ne2+
44.Kg2 Nf4+  1/2-1/2

[Event "Wichern op"]
[Site "Hamburg"]
[Date "1993.??.??"]
[Round "6"]
[White "Voigt, Martin"]
[Black "Wahls, Matthias"]
[Result "0-1"]
[WhiteElo "2305"]
[BlackElo "2480"]

1.e4 c5 2.Nf3 Nc6 3.d4 cxd4 4.Nxd4 e6 5.Nc3 d6 6.Be3 Nf6 7.Bc4 a6 8.Bb3 Na5
9.f4 b5 10.e5 Nxb3 11.cxb3 dxe5 12.fxe5 Nd5 13.Qf3 Bb7 14.O-O Qd7 15.Ne4 Nxe3
16.Qxe3 Qd5 17.Qf2 O-O-O 18.Rac1+ Kb8 19.Rfd1 Ka8 20.Rd2 Qxe4 21.Nc6 Bc5
22.Qxc5 Qxc6 23.Qxc6 Bxc6 24.Rxd8+ Rxd8 25.Rxc6 Kb7 26.Rc3 Rd1+ 27.Kf2 Rd2+
28.Kf1 Rxb2 29.Rf3 Rxa2 30.Rxf7+ Kc6 31.Rxg7 h5 32.h4 Ra3 33.Rg3 Kd5 34.Ke2 a5
35.Kd2 a4 36.Kc2 Rxb3 37.Rg5 b4 38.g4 Rc3+ 39.Kb1 a3 40.gxh5 b3  0-1

[Event "Wichern op"]
[Site "Hamburg"]
[Date "1993.??.??"]
[Round "7"]
[White "Hector, Jonny"]
[Black "Vandrey, Wolfgang"]
[Result "1-0"]
[WhiteElo "2500"]
[BlackElo "2305"]

1.e4 c5 2.Nf3 e6 3.d4 cxd4 4.Nxd4 Nc6 5.Nc3 a6 6.f4 Nge7 7.Nf3 d6 8.Be3 Ng6
9.h4 Be7 10.h5 Nf8 11.Qd2 b5 12.g4 Bb7 13.g5 Nd7 14.a4 b4 15.Ne2 Nc5 16.Ng3 Qc7
17.Bh3 O-O-O 18.O-O g6 19.h6 Rhe8 20.b3 Kb8 21.Qf2 Rc8 22.Rad1 Ka8 23.Bg2 Nb8
24.Rd4 a5 25.Rfd1 e5 26.Rc4 Ba6 27.Bxc5 dxc5 28.Nxe5 Bxc4 29.Nxc4 Rcd8 30.e5+ Ka7
31.Rxd8 Rxd8 32.Qf3 Na6 33.Nxa5 Kb6 34.Nc6 c4 35.a5+ Kb5 36.bxc4+  1-0

[Event "Wichern op"]
[Site "Hamburg"]
[Date "1993.??.??"]
[Round "9"]
[White "Kulaots, Kaido"]
[Black "Teske, Henrik"]
[Result "0-1"]
[WhiteElo "2330"]
[BlackElo "2475"]

1.e4 c5 2.Nf3 e6 3.d4 cxd4 4.Nxd4 Nc6 5.Nc3 Qc7 6.g3 a6 7.Bg2 Nf6 8.O-O Be7
9.Nde2 O-O 10.b3 b5 11.Bb2 Bb7 12.Nf4 Rac8 13.a3 Ne5 14.Qe2 Rfe8 15.h3 Ng6
16.Nd3 d5 17.Rac1 Bxa3 18.Nxb5 axb5 19.Bxa3 Nxe4 20.c4 bxc4 21.bxc4 Qa5 22.Bb4 Qa6
23.Bxe4 dxe4 24.Nc5 Qc6 25.Nxb7 Qxb7 26.Bd6 Qa6 27.Rfd1 Red8 28.Bc7 Rxd1+
29.Qxd1 e3 30.c5 exf2+ 31.Kxf2 Ne7 32.Bd6 Nd5 33.Ra1 Qb5 34.Qb1 Qd7 35.Qb3 h6
36.Ra5 Qd8 37.Ra7 Qf6+ 38.Qf3 Qd4+ 39.Ke2 f5 40.Qd3 Nc3+ 41.Kd2 Ne4+ 42.Ke2 Qb2+
43.Ke1 Nxc5  0-1

[Event "Helsinki"]
[Site "Helsinki"]
[Date "1993.??.??"]
[Round "4"]
[White "Maki, Veijo"]
[Black "Manninen, Marko"]
[Result "1-0"]
[WhiteElo "2400"]
[BlackElo "2380"]

1.e4 c5 2.Nf3 e6 3.Nc3 Nc6 4.d4 cxd4 5.Nxd4 Nf6 6.Ndb5 d6 7.Bf4 e5 8.Bg5 a6
9.Na3 b5 10.Nd5 Be7 11.Bxf6 Bxf6 12.c3 O-O 13.Nc2 Nb8 14.Be2 Nd7 15.Bg4 Bg5
16.O-O Rb8 17.a4 bxa4 18.Ncb4 Bb7 19.Bxd7 Qxd7 20.Qxa4 Qc8 21.Nb6 Qg4 22.Nc6 Rbe8
23.h3 Qe2 24.Nd7 Qb5 25.Qxb5 axb5 26.Nb4 Bxe4 27.Nxf8 Kxf8 28.Rfd1 Rb8 29.Rxd6 Be7
30.Rdd1 Bxb4 31.cxb4 Bc6 32.Ra6 Be8 33.Rd5 f6 34.Ra7 h5 35.Rc5 Rb6 36.Rcc7 g6
37.f3 Re6 38.h4 Rd6 39.Kf2 Rd2+ 40.Ke3 Rd6 41.Rab7 Rd8 42.Rb6 f5 43.Re6  1-0

[Event "Hlohovec op"]
[Site "Hlohovec"]
[Date "1993.??.??"]
[Round "?"]
[White "Frolov, Artur"]
[Black "Vasiliev, Rustam N"]
[Result "1-0"]
[WhiteElo "2530"]
[BlackElo "2380"]

1.e4 c5 2.Nf3 e6 3.d4 cxd4 4.Nxd4 Nc6 5.Nc3 d6 6.Be3 Nf6 7.Bc4 a6 8.Qe2 Be7
9.O-O-O Qc7 10.Bb3 O-O 11.g4 Nd7 12.g5 Nc5 13.Rhg1 Nxd4 14.Rxd4 b5 15.Qh5 g6
16.Qh6 f5 17.Kb1 f4 18.Bc1 a5 19.Nxb5 Qb6 20.Bc4 Bd7 21.Nc3 Na4 22.Rd3 Qxf2
23.Rg4 Nb6 24.Rh3 Rf7 25.Rxf4 Qxf4 26.Bxf4 Nxc4 27.Bc1 a4 28.Rd3 a3 29.b3 Ne5
30.Rd1 Rc8 31.Ne2 Rf2 32.Nd4 Ng4 33.Qh4 e5 34.h3 exd4 35.hxg4 Rcxc2 36.Rh1 Bc6
37.Qxh7+ Kf8 38.Qh8+ Kf7 39.Rh7+ Ke6 40.Qc8+ Bd7 41.Qg8+  1-0

[Event "HUN-chT2"]
[Site "HUN"]
[Date "1993.??.??"]
[Round "?"]
[White "Tornai, Imre"]
[Black "Szabo, Janos"]
[Result "1/2-1/2"]
[WhiteElo "2280"]
[BlackElo "2235"]

1.e4 c5 2.Nf3 Nc6 3.Nc3 e6 4.d4 cxd4 5.Nxd4 a6 6.Be3 Nf6 7.Bd3 Qc7 8.Nxc6 bxc6
9.f4 d5 10.e5 Nd7 11.O-O c5 12.Bf2 c4 13.Be2 Rb8 14.Rb1 Bc5  1/2-1/2

[Event "HUN-chT"]
[Site "HUN"]
[Date "1993.??.??"]
[Round "?"]
[White "Balazs, Attila"]
[Black "Bardossi, Jeno"]
[Result "1/2-1/2"]
[WhiteElo "2225"]
[BlackElo "2260"]

1.e4 c5 2.Nf3 e6 3.d4 cxd4 4.Nxd4 Nc6 5.Nc3 Qc7 6.g3 Nf6 7.Bg2 a6 8.O-O Be7
9.Bf4 e5 10.Nxc6 dxc6 11.Be3 b5 12.h3 Be6 13.b3 Qd7 14.Qxd7+ Nxd7 15.f4 f6
16.a4 b4 17.Nb1 Bc5 18.Bxc5 Nxc5 19.fxe5 fxe5 20.Nd2 Ke7 21.Nf3 Nd7 22.Rfd1 Rhg8
23.Ng5 h6 24.Nxe6 Kxe6 25.Bf1 Ke7 26.Bc4 Rgf8 27.Rf1 a5 28.Rf2 Rad8 29.Raf1 Rxf2
30.Kxf2 Nf6 31.Ke3 Rd4 32.Bd3 g6 33.g4 Rd6 34.Bc4 Rd4 35.Bd3 Nh7 36.Rf2 Ng5
37.h4 Ne6 38.Rf1 Rd6 39.Rf2 Nf4 40.g5 hxg5 41.hxg5 Ne6 42.Rg2 Rd4  1/2-1/2

[Event "HUN-chT"]
[Site "HUN"]
[Date "1993.??.??"]
[Round "?"]
[White "Borocz, Istvan"]
[Black "Horvath, Gyula"]
[Result "1/2-1/2"]
[WhiteElo "2325"]
[BlackElo "2445"]

1.e4 c5 2.Nf3 Nc6 3.d4 cxd4 4.Nxd4 e6 5.Nc3 Qc7 6.Be2 a6 7.O-O Nf6 8.Be3 Be7
9.f4 d6 10.Qe1 O-O 11.Qg3 Nxd4 12.Bxd4 b5 13.a3 Bb7 14.Bd3 Bc6 15.Rae1 Rad8
16.e5 dxe5 17.Bxe5 Qa7+ 18.Kh1 Nh5 19.Qh3 g6 20.Be4 Qb7 21.Re3 Bc5 22.Re2 Bd4
23.Qf3 Bxe4 24.Nxe4 Qa8 25.c3 Bxe5 26.fxe5 Qd5 27.Rd2 Qa8 28.Rxd8 Qxd8 29.g4 Ng7
30.Nf6+ Kh8 31.Qh3 Qa8+ 32.Kg1 Qa7+ 33.Rf2 h5 34.gxh5 g5 35.Qd3 Nf5 36.Kf1 Qb7
37.Ke2 Qc7 38.Rxf5 exf5 39.Qxf5 Qc4+ 40.Ke1 Qh4+ 41.Kd1 Qa4+ 42.Ke2 Qc4+
43.Ke1 Qh4+ 44.Kd1 Qa4+  1/2-1/2

[Event "HUN-chT"]
[Site "HUN"]
[Date "1993.??.??"]
[Round "?"]
[White "Csoke, Adrienn"]
[Black "Medvegy, Nora"]
[Result "1/2-1/2"]
[WhiteElo "2145"]
[BlackElo "2100"]

1.e4 c5 2.Nf3 Nc6 3.d4 cxd4 4.Nxd4 e6 5.Nc3 Qc7 6.g3 Nf6 7.Bg2 a6 8.Nxc6 bxc6
9.O-O Be7 10.Re1 d5 11.Bf4 Qb6 12.exd5 cxd5 13.Na4 Qa5 14.c4 Bb7 15.Nc3 Rd8
16.Qb3 Ba8 17.cxd5 Nxd5 18.Be5 O-O 19.Nxd5 Bxd5 20.Bxd5 Rxd5 21.Bc3 Qc7 22.Rad1 Rfd8  1/2-1/2

[Event "HUN-chT2"]
[Site "HUN"]
[Date "1993.??.??"]
[Round "?"]
[White "Horvath, Miklos"]
[Black "Cseh, Andor"]
[Result "1-0"]
[WhiteElo "2250"]
[BlackElo "2255"]

1.e4 c5 2.Nf3 e6 3.d4 cxd4 4.Nxd4 Nc6 5.Nc3 a6 6.g3 Nf6 7.Nxc6 bxc6 8.Bg2 d5
9.O-O Bb7 10.Be3 Be7 11.f4 O-O 12.h3 Rb8 13.Na4 Qa5 14.c3 c5 15.b4 cxb4 16.cxb4 Qb5
17.Nc5 Nxe4 18.a4 Qe8 19.Bxe4 dxe4 20.Qe2 Bc8 21.Rab1 Qc6 22.b5 axb5 23.axb5 Qd5
24.Rfd1 Qf5 25.g4 Qg6 26.b6 e5 27.fxe5 Rxb6 28.Rxb6 Qxb6 29.Nd7 Qe6 30.Nxf8 Kxf8
31.Qb5 f5 32.gxf5 Qa6 33.Qxa6 Bxa6 34.f6 gxf6 35.exf6 Bb4 36.Rd7 Ke8 37.Rxh7 Bc4
38.Ra7 Bf7 39.Ra4 Bc3 40.Rxe4+ Kf8 41.Bd4 Bd5 42.Rh4 Bb4 43.Kf2 Be6 44.Kf3 Be1
45.Rh7 Bb4 46.h4 Bf7 47.Rh8+ Bg8 48.Ke4  1-0

[Event "HUN-chT"]
[Site "HUN"]
[Date "1993.??.??"]
[Round "?"]
[White "Kovacs, Gabor"]
[Black "Horvath, Zoltan"]
[Result "0-1"]
[WhiteElo "2225"]
[BlackElo "2345"]

1.e4 c5 2.Nf3 e6 3.d4 cxd4 4.Nxd4 Nc6 5.Nc3 a6 6.Bc4 Qc7 7.Bb3 b5 8.O-O Nf6
9.a3 Nxd4 10.Qxd4 Bd6 11.h3 Bb7 12.Re1 Be5 13.Qd3 O-O 14.Bg5 h6 15.Bxf6 Bxf6
16.Rad1 Rfd8 17.Qd6 Qxd6 18.Rxd6 Be5 19.Rd3 Rac8 20.g3 g5 21.Nd1 a5 22.c3 b4
23.axb4 axb4 24.Ba4 d6 25.Bb5 Rc5 26.c4 Bc6 27.Bxc6 Rxc6 28.b3 Ra8 29.Ne3 Bc3
30.Rb1 Ra2 31.Nd1 Be5 32.Ne3 h5 33.Nf1 Rca6 34.Rd2 Ra1 35.Rdd1 Rxb1 36.Rxb1 Ra2
37.Rd1 Kf8 38.Nd2 Bd4 39.Kf1 Ke7 40.f4 gxf4 41.g4 hxg4 42.hxg4 Be3  0-1

[Event "HUN-chT"]
[Site "HUN"]
[Date "1993.??.??"]
[Round "?"]
[White "Madl, Ildiko"]
[Black "Boros, Daniel"]
[Result "1-0"]
[WhiteElo "2410"]
[BlackElo "2220"]

1.e4 c5 2.Nf3 e6 3.d4 cxd4 4.Nxd4 Nc6 5.Nc3 Qc7 6.f4 a6 7.Nxc6 Qxc6 8.Bd3 b5
9.Qe2 Bb7 10.Bd2 Bc5 11.a3 Ne7 12.O-O-O Bd4 13.Kb1 Qb6 14.Na2 Nc6 15.c3 Bc5
16.Nc1 O-O 17.e5 Rfb8 18.Nb3 Bf8 19.Be3 Qc7 20.Bc2 b4 21.cxb4 g6 22.h4 Ne7
23.h5 Bd5 24.hxg6 fxg6 25.Bc5 Bxb3 26.Bxb3 Nf5 27.Bf2 a5 28.b5 a4 29.Bc2 Ra5
30.Bd3 Qb7 31.g4 Ne7 32.Bd4 Nd5 33.Qh2 h6 34.Rhf1 Rxb5 35.Bxb5 Qxb5 36.Qc2 Bxa3
37.Qxg6+ Kf8 38.Qxh6+ Kg8 39.Qg6+ Kf8 40.Rh1 Ke7 41.Qg7+ Kd8 42.Rh8+ Kc7
43.Rc1+  1-0

[Event "HUN-chT"]
[Site "HUN"]
[Date "1993.??.??"]
[Round "?"]
[White "Tenyi, Jozsef"]
[Black "Boronyak, Arpad"]
[Result "0-1"]
[WhiteElo "2275"]
[BlackElo "2290"]

1.e4 c5 2.Nf3 e6 3.d4 cxd4 4.Nxd4 Nc6 5.Nc3 Qc7 6.Be3 a6 7.Be2 Nf6 8.O-O Be7
9.f4 d6 10.a4 O-O 11.Kh1 Nxd4 12.Qxd4 e5 13.Qd2 exf4 14.Bxf4 Be6 15.Nd5 Bxd5
16.exd5 Nd7 17.c4 Bf6 18.Rac1 Nc5 19.Qc2 a5 20.b3 Rfe8 21.Bd3 g6 22.Rf3 Bg7
23.Rcf1 f5 24.h4 Qe7 25.h5 Nxd3 26.Qxd3 g5 27.Bd2 g4 28.Rg3 Qh4+ 29.Kg1 Re4
30.Rxf5 Rae8 31.Re3 Rxe3 32.Bxe3 Qe1+ 33.Kh2 Rxe3 34.Qf1 Be5+ 35.Kg1 Qxf1+
36.Kxf1 Bg3  0-1